Fight over European art market taxes (Record no. 69787)

MARC details
000 -LEADER
fixed length control field 01094cam a2200229 4500
001 - CONTROL NUMBER
control field WB3810-02
008 - FIXED-LENGTH DATA ELEMENTS--GENERAL INFORMATION
fixed length control field 020314n2002 000 0 eng u
035 ## - SYSTEM CONTROL NUMBER
System control number (Sirsi) u117133
245 ## - TITLE STATEMENT
Title Fight over European art market taxes
260 ## - PUBLICATION, DISTRIBUTION, ETC.
Date of publication, distribution, etc. 2002
490 ## - SERIES STATEMENT
Series statement Antiques Trade Gazette
Volume/sequential designation (1530) 16 March 2002, 1-2(1)
520 ## - SUMMARY, ETC.
Summary, etc. A new survey commissioned by the European Fine Art Federation shows that taxes and bureaucracy are discouraging collectors from conducting business in the EU. According to the survey, the UK still plays a leading role in the international art market, but restrictive taxes such as import VAT have had a negative impact. TEFAF who published the survey plan to use the findings to fight back and revive the European art market. "The European art market in 2002: a survey" is available from TEFAF t +31 411 645090, priced 75 euros. http://www.tefaf.com
590 ## - LOCAL NOTE (RLIN)
Local note WB
650 ## - SUBJECT ADDED ENTRY--TOPICAL TERM
Topical term or geographic name entry element ART MARKET
650 ## - SUBJECT ADDED ENTRY--TOPICAL TERM
Topical term or geographic name entry element EUROPE
650 ## - SUBJECT ADDED ENTRY--TOPICAL TERM
Topical term or geographic name entry element TEFAF
650 ## - SUBJECT ADDED ENTRY--TOPICAL TERM
Topical term or geographic name entry element TAXES
650 ## - SUBJECT ADDED ENTRY--TOPICAL TERM
Topical term or geographic name entry element DEALERS
650 ## - SUBJECT ADDED ENTRY--TOPICAL TERM
Topical term or geographic name entry element FINE ART
690 ## - LOCAL SUBJECT ADDED ENTRY--TOPICAL TERM (OCLC, RLIN)
Topical term or geographic name as entry element Arts and antiques
9 (RLIN) 6217
942 ## - ADDED ENTRY ELEMENTS (KOHA)
Suppress in OPAC 0
Holdings
Withdrawn status Lost status Source of classification or shelving scheme Damaged status Not for loan Home library Current library Shelving location Date acquired Total Checkouts Full call number Barcode Date last seen Copy number Price effective from Koha item type
    Dewey Decimal Classification     London London News article 14/03/2002   WB3810-02 117133-1001 06/08/2019 1 06/08/2019 News article